000 01337cam a22003737a 4500
003 CHAP
005 20220329142019.0
008 990219d1998 mx a r 00110 spa d
010 _a77068
011 _a78040
035 _a87846
040 _cCHAP
090 _aTesis
100 0 0 _aVelázquez Cornejo, Silvia.
_9118523
245 1 0 _aEtología del conejo :
_bimportancia comportamiento en la productividad cunícola
_c/por Silvia Velázquez Cornejo
260 _aChapingo, Méx. :
_bEl autor,
_c1998.
300 _a106 h. :
_bilus. ; cuadros
502 _aTesis (Ing. Agr. Esp. en Zootecnia) -- UACH. Departamento de Zootecnia
590 _aALEPH
_b10
_c20130110
_lUCH01
_h1427
590 _aBATCH-UPD
_b10
_c20130110
_lUCH01
_h0436
590 _aBATCH-UPD
_b10
_c20130410
_lUCH01
_h0112
590 _aBATCH-UPD
_b10
_c20130410
_lUCH01
_h1637
590 _aBATCH-UPD
_b10
_c20130914
_lUCH01
_h1027
590 _aCONVERSION
_b10
_c20130109
_lUCH01
_h1342
650 1 4 _aConejos
_xHábitos y conducta.
_926368
650 1 4 _aConejos
_xProducción.
_926375
650 1 4 _aCunicultura.
_930449
901 _aBK
905 _aGuadalupe Pinto C.
942 _cFOLL
949 _bBC
_cTES
_d33724000709267
_eTS1
_fc.2
_h33645
_i87846
_sb
949 _bBC
_cTES
_d33724000764155
_eTS2
_fc.3
_h35993
_i87846
_sb
949 _bBC
_cTES
_d878461
_eTS1
_h33644
_i87846
_sb
999 _c77068
_d77068